00491nam a2200157Ia 4500003000900000008004100009040001600050080001800066100002000084245007500104260003900179300001000218650004300228650004300271650001900314IN-BaIIA211028s9999 xx 000 0 eng d cIIA Library a081:53bCHA-2 aChadwick, James 4aThe collected papers of Lord Rutherford of Nelsonbvol. 2cJ. Chadwick aLondonbGeorge Allen & Unwinc1963 a590p. aCollected works-Lord Rutherford Nelson aLord Rutherford Nelson collected works aNASA thesaurus